000 00380cam a22001097a 4500
008 180718b1976 xxu||||| |||| 00| 0 eng d
082 _aB7301x5452 T152 68 1
245 _aMunicipal manual, Corrected up to 31st December 1978
_cBy Govt. of Tamil Nadu
260 _aMadras
_bGovernment of Tamil Nadu
_c1976
300 _axi,503p
650 _aMunicipal corporations -- India -- Tamil Nadu
999 _c415440
_d415440